000
00197nam a22000857a 4500
008
170427b xxu||||| |||| 00| 0 eng d
100
_9
3085
_a
Jauhar
245
_a
Science & Chemistry
260
_a
New delhi
999
_c
6372
_d
6372